| 000 | 00561nam a2200205Ia 4500 | ||
|---|---|---|---|
| 003 | OSt | ||
| 005 | 20230502151831.0 | ||
| 008 | 210423s2007 xx 000 0 und d | ||
| 020 | _a8173919534 | ||
| 040 | _cAL | ||
| 041 | _aeng | ||
| 082 |
_a302.2030971 _223 _bMENM |
||
| 100 |
_aMENON (Mridula). _996269 |
||
| 245 | _aDevelopment communication and media debate. | ||
| 260 |
_aNew Delhi _bKanishka Publishers Distributors _c2007 |
||
| 300 |
_a316 _bPB |
||
| 365 |
_b175 _cINR |
||
| 906 | _acommunication ; debate. ; Development ; media | ||
| 942 |
_2ddc _cBK |
||
| 999 |
_c161484 _d161484 |
||